| 000 | 00740cam a2200253 4500 | ||
|---|---|---|---|
| 001 | 8930 | ||
| 005 | 20230410132804.0 | ||
| 008 | 060907s1992 mau eng | ||
| 020 | _a0674212983 | ||
| 035 | _9funglode9004 | ||
| 041 | _aeng | ||
| 050 | 1 | 4 |
_aQH 313 _bW746d 1992 |
| 100 | 1 | _aWilson, Edward O. | |
| 245 | 1 | 4 |
_aThe diversity of life / _cEdward O. Wilson |
| 260 |
_aMassachusetts : _bBelknap Press of Harvard University Press, _c1992 |
||
| 300 |
_a424 p. : _bill. (some col.), maps ; _c25 cm. |
||
| 440 | 0 | _aQuestions of science | |
| 650 | 0 | _aBiodiversity. | |
| 650 | 0 | _aBiodiversity conservation. | |
| 650 | 4 | _aDiversidad biológica. | |
| 650 | 4 | _aEcología vegetal. | |
| 650 | 4 | _aEcología animal. | |
| 942 |
_2lcc _cbk |
||
| 999 |
_c87790 _d87790 |
||